SOLID AND HAZARDOUS WASTE MANAGEMENT (Record no. 34495)

MARC details
000 -LEADER
fixed length control field 00310nam a22001457a 4500
003 - CONTROL NUMBER IDENTIFIER
control field SGT
020 ## - INTERNATIONAL STANDARD BOOK NUMBER
International Standard Book Number 9789389354621
082 ## - DEWEY DECIMAL CLASSIFICATION NUMBER
Classification number 628.5
Item number RAO
100 ## - MAIN ENTRY--PERSONAL NAME
Personal name RAO M.N
245 ## - TITLE STATEMENT
Title SOLID AND HAZARDOUS WASTE MANAGEMENT
250 ## - EDITION STATEMENT
Edition statement 2ND
260 ## - PUBLICATION, DISTRIBUTION, ETC. (IMPRINT)
Place of publication, distribution, etc INDIA
Name of publisher, distributor, etc B.S PUB
Year of Publication 2023
300 ## - PAGE DESCRIPTION
No. of Pages 347
942 ## - ADDED ENTRY ELEMENTS (KOHA)
Source of classification or shelving scheme Dewey Decimal Classification
Koha item type Books
Holdings
Withdrawn status Lost status Source of classification or shelving scheme Damaged status Not for loan Collection code Home library Current library Shelving location Date acquired Vendor Name SGTU Bill Number Total Checkouts Full call number Accession No. (Barcode) Date last seen Bill Date Koha item type
    Dewey Decimal Classification     SCIENCE SGT Science & Social Sciences Library SGT Science & Social Sciences Library Text Book 26/03/2026 ABC SGTU 22597   628.5 RAO DP2035 26/03/2026 09/03/2026 Books
    Dewey Decimal Classification     SCIENCE SGT Science & Social Sciences Library SGT Science & Social Sciences Library Text Book 26/03/2026 ABC SGTU 22597   628.5 RAO DP2036 26/03/2026 09/03/2026 Books